1300 1897 1140 1930 1425 1530 1394 1549 1991 1642 1693 1779 1775 1585 1474 1509 1644 1026 1940 1114 1089 1357 1556 1670 1053 1668 1882 1873 1317 1781 1213 1566 1697 1641 1548 1001 1400 1120 1263 1501 1101 1064 1614 1640 1394 1723 1711 1464 1881 1043 1861 1066 1403 1216 1977 1984 1886 1061 1986 1432 1121 1986 1444 1239 1555 1754 1327 1677 1006 1396 1611 1061 1429 1997 1824 1793 1584 1777 1228 1351 1297 1199 1925 1354 1769 1914 1130 1876 1098 1973 1300 1866 1543 1912 1657 1554 1367 1578 1629 BCNSPRNW ULIB Ver.6.0+V

เปลี่ยนเป็นภาษาไทย

Change to English
 แสดงรายละเอียดบรรณานุกรม
  กลับหน้าหลัก

Brief Record : Get Marc (ISO 2709) : E-mail record : QR code < ปิดหน้าต่าง
LEADER : 00000nam 2200000uu 4500
001    13399107809
003     ULIB
008    110204s2542||||th 000 0 tha d
020    97897486679
060 04 WB400^bว551ร 2542
245 10 อาหารรักษาโรค /^cบรรณาธิการ วิจิตร บุณยะโหตระ
260    กรุงเทพฯ :^bรักษาสุขภาพ,^c2542
650  7 อาหาร^xการรักษากับการกำหนด
650  7 อาหารบำบัดโรค
945    ^p0^l0^i010194
945    ^p0^l0^i010193
995    เกษร
999    ^aใช้งานได้ทุกระบบ
รายการนี้ยังไม่มีแท็ก
คุณยังไม่ได้ล็อกอิน คุณสามารถมีกิจกรรมร่วมกับเว็บไซต์ได้ แต่ต้องล็อกอินก่อน ::
  ล็อกอิน

รายการสื่อสารสนเทศ

ลำดับที่ ประเภท เลขเรียก/บาร์โค้ด สถานที่ สถานะ
- ไม่พบข้อมูล -

BibComment


ยังไม่เคยถูกคอมเมนท์

คอมเมนท์ทรัพยากรรายการนี้
  คอมเมนท์: อาหารรักษาโรค บร..


 Copyright 2026. Bcnsprnw @Library